000 01280cam a22002054a 4500
005 20250605164021.0
008 250528s ||||||||||||||||||||||||d
035 _a16351
020 _a7678735
040 _aGR-AtMCL
_bgre
_dGR-AtMCL
_eAACR2
245 1 _aStreets for People / a Primer for Americans
260 _bDoubleday And Company, Inc,
_c1969
300 _a352
505 0 _aPreface, Development by Destruction, Streets for Pigs, Testimonials, The Canopied Street, Peripaterics, The Street is Where the Action Is, What's in a Name, In Praise of Stairs, Bridges and Elevated Streets, The Canopied Street - Continued, Mazes, Diamant Streets and Crystal Pavements, Fountainblues, The Care and Feeding of the Pedestrian, Crime Does Pay, Prospect, Text References, Index.
520 _aPreface, Development by Destruction, Streets for Pigs, Testimonials, The Canopied Street, Peripaterics, The Street is Where the Action Is, What's in a Name, In Praise of Stairs, Bridges and Elevated Streets, The Canopied Street - Continued, Mazes, Diamant Streets and Crystal Pavements, Fountainblues, The Care and Feeding of the Pedestrian, Crime Does Pay, Prospect, Text References, Index.
700 1 _aRudofsky Bernard
_92443
942 _cBK
999 _c1861
_d1861